Science Quiz

Random Science or Chemistry Quiz

Alchemical Names Quiz Stats

 Plays Quiz not verified by Sporcle

Also try: Elements Zoo
Challenge
Share
Tweet
Embed
Score 0/60 Timer 10:00
0 Plays Today
Modern Name Alchemical Name % Correct
Iron SulphidePyrite/Fool's Gold
38.9%
SulphurBrimstone
27.8%
Sodium CarbonateSoda/Soda Ash
22.2%
Potassium NitrateSaltpetre
22.2%
Nitric AcidAqua Fortis
22.2%
Sulphuric AcidOil of Vitriol
22.2%
Calcium OxideLime
16.7%
Mercuric SulphideCinnabar
16.7%
Lead SulphideGalena
16.7%
Sodium TetraborateBorax
16.7%
Hydrochloric AcidMuriatic Acid/Spirit of Salt
16.7%
OxygenDephlogisticated Air
16.7%
Hydrous Calcium SulfateGypsum
11.1%
Stannous OxideTinstone/Cassiterite
11.1%
Potassium Aluminum SulfateAlum
11.1%
Lead MonoxideLitharge
11.1%
Potassium CarbonatePotash
11.1%
Sodium HydroxideLye
11.1%
Iron OxideLodestone/Magnesia
11.1%
Calcium FluorideFluorspar
11.1%
Ammonium ChlorideSal Ammoniac
11.1%
Uranium OxidePitchblende
11.1%
Hydrous Copper CarbonateMalachite
5.6%
Silver SulphideArgentite
5.6%
Copper AcetateVerdigris/Verdet
5.6%
Zinc CarbonateCadmia
5.6%
Manganese OxidePyrolusite
5.6%
Arsenic TrioxideArsenolite/Flowers of Antimony
5.6%
Mercuric ChlorideCorrosive Sublimate
5.6%
EthanolAqua Vitae
5.6%
Modern Name Alchemical Name % Correct
Aqueous AmmoniaSpirit of Hartshorn
5.6%
Ammonium CarbonateSalt of Hartshorn/Smelling Salts
5.6%
Silicate of ZirconiumJargon/Zircon
5.6%
Barium SulfateBarytes/Barite
5.6%
Aluminum OxideArgil/Alumina
5.6%
Carbon DioxideFixed Air
5.6%
HydrogenInflammable Air
5.6%
Titanium DioxideRutile
5.6%
Silicon DioxideFlint/Silex
0%
Sodium SesquicarbonateNatron
0%
TalcSteatite
0%
Antimony SulfideOrpiment/Stibnite
0%
AntimonyRegulus of Antimony
0%
Arsenic DisulphideRealgar
0%
Lead CarbonateCerusse
0%
ZincSpelter
0%
Mercuric OxideCalx of Mercury
0%
Potassium BitartrateCream of Tarter
0%
Carbon (Graphite)Black Lead/Plumago
0%
BismuthTin-glass
0%
Bismuth OxideBismite
0%
Bismuth SulphideBismuthinite
0%
Mercurous ChlorideCalomel
0%
Arsenide of CobaltCobaltine/Cobaltite
0%
Calcium TungstateTungsten
0%
Antimony TrichlorideButter of Antimony/Mercury of Life
0%
Barium SulphideBolognian Phosphorus
0%
Molybdenum DisulphideMolybdena
0%
Boric AcidNarcotic Salt of Vitriol
0%
Zinc OxideFlower of Zinc
0%

You're not logged in!

Compare scores with friends on all Sporcle quizzes.
OR
Log In

You Might Also Like...

Show Comments

Extras

Top Quizzes Today


Score Distribution

Your Account Isn't Verified!

In order to create a playlist on Sporcle, you need to verify the email address you used during registration. Go to your Sporcle Settings to finish the process.

Report this User

Report this user for behavior that violates our Community Guidelines.

Details: